Postavenie Ruskej federácie v globálnej ekonomike

Pokračovanie príspevku z predchádzajúceho čísla. Vývoj hrubého domáceho produktu v období 2000-2013. Index spotrebiteľských cien. Platobná bilancia.

Gespeichert in:
Bibliographische Detailangaben
1. Verfasser: Nerečová, Daniela
Format: Buchkapitel
Sprache:Slowakisch
Schlagworte:
Tags: Tag hinzufügen
Keine Tags, Fügen Sie das erste Tag hinzu!

MARC

LEADER 00000nla a2200000 4500
001 0198817
005 20240417075054.2
041 0 |a slo 
044 |a SK 
245 1 0 |a Postavenie Ruskej federácie v globálnej ekonomike  |c Daniela Nerečová 
520 |a Pokračovanie príspevku z predchádzajúceho čísla. Vývoj hrubého domáceho produktu v období 2000-2013. Index spotrebiteľských cien. Platobná bilancia. 
610 2 0 |a Rusko 
610 2 0 |a situácia hospodárska 
610 2 0 |a produkt domáci hrubý 
610 2 0 |a bilancia platobná 
610 2 0 |a indexy 
100 1 |a Nerečová, Daniela